Countries with Foxes - Statistics

General Stats
  • This quiz has been taken 116 times
  • The average score is 73 of 81
Answer Stats
Continent Country % Correct
Europe United Kingdom
98%
Asia China
96%
Europe Portugal
96%
Asia/ Europe Russia
96%
Asia/ Europe Turkey
96%
North America Canada
95%
Europe France
95%
Asia India
95%
Asia Iran
95%
Asia Japan
95%
Europe Poland
95%
Europe Spain
95%
Africa Algeria
94%
Europe Denmark
94%
Europe Germany
94%
Asia Iraq
94%
Europe Italy
94%
Asia North Korea
94%
Asia South Korea
94%
North America United States of America
94%
Asia Afghanistan
93%
Oceania Australia
93%
Europe Estonia
93%
Europe Greece
93%
Europe Ireland
93%
Europe Latvia
93%
Europe Slovenia
93%
Europe Albania
92%
Europe Belgium
92%
Europe Croatia
92%
Europe Finland
92%
Europe Lithuania
92%
Asia Pakistan
92%
Europe Slovakia
92%
Europe Sweden
92%
Europe Switzerland
92%
Asia Azerbaijan
91%
Europe Belarus
91%
Africa Egypt
91%
Asia Israel
91%
Asia Kazakhstan
91%
Asia Lebanon
91%
Asia Mongolia
91%
Europe Montenegro
91%
Asia Nepal
91%
Europe Norway
91%
Asia Armenia
89%
Europe Austria
89%
Europe Bulgaria
89%
Europe Czech Republic
89%
Asia Georgia
89%
Asia Jordan
89%
Europe Kosovo
89%
Europe Luxembourg
89%
Europe Moldova
89%
Asia Oman
89%
Europe Romania
89%
Asia Saudi Arabia
89%
Asia Uzbekistan
89%
Asia Yemen
89%
Asia Bhutan
88%
Africa Libya
88%
Africa Morocco
88%
Europe Serbia
88%
Asia Syria
88%
Europe Bosnia and Herzegovina
87%
Asia Qatar
87%
Africa Sudan
87%
Europe the Netherlands
87%
Asia Turkmenistan
87%
Europe Ukraine
87%
Europe Hungary
86%
Asia United Arab Emirates
86%
Europe North Macedonia
85%
Asia Tajikistan
85%
Africa Tunisia
85%
Europe Cyprus
84%
Asia Kuwait
82%
Asia Bangladesh
80%
Asia Kyrgyzstan
80%
Africa Somalia
68%
No matching quizzes found
Score Distribution
Percent of People with Each Score
Percentile by Number Answered
Your Score History
You have not taken this quiz